000
00313 a2200121 4500
000
nam a22 7a 4500
005
20260226151021.0
020
_a
9789348433749
100
_a
Bibhuti Bhusan Mohapatra
_9
1116781
245
_a
Dimensions of Vedic Studies
260
_b
Shivalik Prakashan
_c
2025
942
_c
TEXL
999
_c
1680284
_d
1680284